[Event "Open"]
[Site "Maastricht, NL"]
[Date "2025.06.09"]
[Round "6"]
[White "Lahaye, Rick"]
[Black "Donker, Roel"]
[Result "0-1"]
[Board "7"]
[WhiteFideId "1007092"]
[BlackFideId "1031660"]
[BlackTitle "CM"]
[WhiteElo "2390"]
[BlackElo "2213"]
[WhiteTeam "NED"]
[BlackTeam "NED"]
[WhiteClock "0:35:58"]
[BlackClock "0:02:57"]
[Variant "Standard"]

1. Nf3 {[%clk 1:30:42]}  d5 {[%clk 1:30:44]} 2. g3 {[%clk 1:31:05]}  g6 {[%clk 1:30:54]} 3. Bg2 {[%clk 1:31:08]}  Bg7 {[%clk 1:31:03]} 4. O-O {[%clk 1:31:22]}  e5 {[%clk 1:30:39]} 5. d3 {[%clk 1:31:45]}  Nc6 {[%clk 1:30:40]} 6. c3 {[%clk 1:31:55]}  a5 {[%clk 1:28:37]} 7. Nbd2 {[%clk 1:28:16]}  Nge7 {[%clk 1:20:41]} 8. Qc2 {[%clk 1:20:41]}  O-O {[%clk 1:15:10]} 9. e4 {[%clk 1:19:53]}  Re8 {[%clk 1:08:24]} 10. Re1 {[%clk 1:19:35]}  h6 {[%clk 1:03:01]} 11. a4 {[%clk 1:18:54]}  Be6 {[%clk 1:00:51]} 12. exd5 {[%clk 1:14:09]}  Nxd5 {[%clk 0:57:24]} 13. Nc4 {[%clk 1:12:37]}  Ndb4 {[%clk 0:47:58]} 14. cxb4 {[%clk 1:05:58]}  Nxb4 {[%clk 0:48:20]} 15. Qb3 {[%clk 1:05:42]}  Qxd3 {[%clk 0:47:54]} 16. Qxd3 {[%clk 1:05:35]}  Nxd3 {[%clk 0:48:15]} 17. Ne3 {[%clk 1:04:46]}  e4 {[%clk 0:46:16]} 18. Bf1 {[%clk 1:05:11]}  Nxc1 {[%clk 0:43:56]} 19. Raxc1 {[%clk 1:04:43]}  exf3 {[%clk 0:44:16]} 20. Rxc7 {[%clk 1:05:02]}  b6 {[%clk 0:28:38]} 21. b3 {[%clk 0:51:20]}  Bxb3 {[%clk 0:20:42]} 22. Rb1 {[%clk 0:50:16]}  Be5 {[%clk 0:10:49]} 23. Rb7 {[%clk 0:50:34]}  Ba2 {[%clk 0:09:53]} 24. Rd1 {[%clk 0:47:02]}  Rad8 {[%clk 0:07:41]} 25. Rxd8 {[%clk 0:46:02]}  Rxd8 {[%clk 0:08:10]} 26. Rxb6 {[%clk 0:46:31]}  Rd2 {[%clk 0:04:44]} 27. Rb5 {[%clk 0:45:32]}  Bc3 {[%clk 0:02:53]} 28. h4 {[%clk 0:44:27]}  h5 {[%clk 0:02:24]} 29. Rc5 {[%clk 0:42:00]}  Bb4 {[%clk 0:01:57]} 30. Rc8+ {[%clk 0:40:15]}  Kg7 {[%clk 0:02:25]} 31. Bb5 {[%clk 0:40:43]}  Bb3 {[%clk 0:00:47]} 32. Bc6 {[%clk 0:32:12]}  Ra2 {[%clk 0:01:15]} 33. Bxf3 {[%clk 0:32:40]}  Be1 {[%clk 0:01:14]} 34. Nd1 {[%clk 0:33:06]}  Bxa4 {[%clk 0:01:02]} 35. Rc7 {[%clk 0:33:00]}  Bxd1 {[%clk 0:01:07]} 36. Bxd1 {[%clk 0:33:19]}  Bxf2+ {[%clk 0:01:33]} 37. Kg2 {[%clk 0:33:33]}  Bb6+ {[%clk 0:01:43]} 38. Rc2 {[%clk 0:34:00]}  Rxc2+ {[%clk 0:02:09]} 39. Bxc2 {[%clk 0:34:25]}  f5 {[%clk 0:01:17]} 40. Kf3 {[%clk 0:34:45]}  Kf6 {[%clk 0:01:40]} 41. Ba4 {[%clk 0:35:11]}  Kf7 {[%clk 0:01:08]} 42. Bb5 {[%clk 0:35:36]}  Bc7 {[%clk 0:01:33]} 43. Ba4 {[%clk 0:36:03]}  Be5 {[%clk 0:01:58]} 44. Bb5 {[%clk 0:36:29]}  Bb8 {[%clk 0:02:22]} 45. Ba4 {[%clk 0:36:56]}  g5 {[%clk 0:01:17]} 46. hxg5 {[%clk 0:36:02]}  Kg6 {[%clk 0:01:45]} 47. Be8+ {[%clk 0:35:55]}  Kxg5 {[%clk 0:02:13]} 48. Bd7 {[%clk 0:36:07]}  Bc7 {[%clk 0:02:12]} 49. Be8 {[%clk 0:36:13]}  h4 {[%clk 0:02:34]} 50. gxh4+ {[%clk 0:35:58]}  Kxh4 {[%clk 0:02:57]} 0-1

[Event "Open"]
[Site "Maastricht, NL"]
[Date "2025.06.09"]
[Round "6"]
[White "Pham, Khoi"]
[Black "Coenen, Eduard"]
[Result "1-0"]
[Board "8"]
[WhiteFideId "1054988"]
[BlackFideId "1014390"]
[WhiteTitle "IM"]
[WhiteElo "2377"]
[BlackElo "2157"]
[WhiteTeam "NED"]
[BlackTeam "NED"]
[WhiteClock "0:05:15"]
[BlackClock "0:01:25"]
[Variant "Standard"]

1. e4 {[%clk 1:29:03]}  d6 {[%clk 1:27:32]} 2. d4 {[%clk 1:29:20]}  g6 {[%clk 1:27:36]} 3. Nc3 {[%clk 1:29:44]}  c6 {[%clk 1:27:23]} 4. Be3 {[%clk 1:30:01]}  Bg7 {[%clk 1:25:53]} 5. f4 {[%clk 1:29:54]}  b5 {[%clk 1:23:56]} 6. a3 {[%clk 1:29:56]}  Nd7 {[%clk 1:23:57]} 7. Nf3 {[%clk 1:29:03]}  Nb6 {[%clk 1:22:00]} 8. Bd3 {[%clk 1:27:52]}  Nf6 {[%clk 1:20:28]} 9. h3 {[%clk 1:26:52]}  Nc4 {[%clk 1:20:00]} 10. Bc1 {[%clk 1:21:54]}  O-O {[%clk 1:06:51]} 11. Qe2 {[%clk 1:16:11]}  e5 {[%clk 1:03:31]} 12. dxe5 {[%clk 1:11:13]}  dxe5 {[%clk 1:00:12]} 13. Bxc4 {[%clk 1:09:06]}  bxc4 {[%clk 0:56:14]} 14. Nxe5 {[%clk 1:09:32]}  Nh5 {[%clk 0:55:42]} 15. Qf2 {[%clk 1:08:14]}  Qe7 {[%clk 0:48:57]} 16. O-O {[%clk 1:03:58]}  Bxe5 {[%clk 0:32:13]} 17. fxe5 {[%clk 1:04:19]}  Qxe5 {[%clk 0:32:31]} 18. Bh6 {[%clk 1:00:21]}  Ng7 {[%clk 0:32:53]} 19. Rad1 {[%clk 1:00:23]}  Be6 {[%clk 0:32:43]} 20. Be3 {[%clk 0:59:27]}  f5 {[%clk 0:27:55]} 21. Bf4 {[%clk 0:49:01]}  Qa5 {[%clk 0:26:21]} 22. Bd6 {[%clk 0:47:51]}  Rf7 {[%clk 0:26:23]} 23. e5 {[%clk 0:46:59]}  Qb6 {[%clk 0:20:35]} 24. Bc5 {[%clk 0:44:50]}  Qb7 {[%clk 0:19:56]} 25. Rd6 {[%clk 0:43:12]}  Re8 {[%clk 0:19:38]} 26. Rfd1 {[%clk 0:40:25]}  a5 {[%clk 0:18:45]} 27. Qd4 {[%clk 0:35:27]}  h6 {[%clk 0:16:27]} 28. Ne2 {[%clk 0:28:42]}  g5 {[%clk 0:13:48]} 29. Rd8 {[%clk 0:23:06]}  Rxd8 {[%clk 0:12:14]} 30. Qxd8+ {[%clk 0:23:33]}  Kh7 {[%clk 0:12:37]} 31. Rd6 {[%clk 0:20:13]}  Bd5 {[%clk 0:08:15]} 32. Bd4 {[%clk 0:16:18]}  Ne6 {[%clk 0:07:03]} 33. Qe8 {[%clk 0:14:11]}  Re7 {[%clk 0:06:26]} 34. Qh5 {[%clk 0:14:21]}  c3 {[%clk 0:06:06]} 35. Bxc3 {[%clk 0:13:41]}  Qb5 {[%clk 0:05:50]} 36. Nd4 {[%clk 0:12:29]}  Qc5 {[%clk 0:04:51]} 37. Kh2 {[%clk 0:12:06]}  Qc4 {[%clk 0:03:22]} 38. Nxf5 {[%clk 0:07:18]}  Qf4+ {[%clk 0:03:05]} 39. Ng3 {[%clk 0:07:44]}  Rf7 {[%clk 0:02:10]} 40. Qe2 {[%clk 0:06:57]}  Qf2 {[%clk 0:02:01]} 41. Be1 {[%clk 0:07:06]}  Qc5 {[%clk 0:01:53]} 42. Ne4 {[%clk 0:06:12]}  Qd4 {[%clk 0:01:46]} 43. Nf6+ {[%clk 0:05:54]}  Kg7 {[%clk 0:02:02]} 44. Nxd5 {[%clk 0:06:06]}  Nc5 {[%clk 0:01:25]} 45. Bc3 {[%clk 0:05:15]} 1-0

[Event "Open"]
[Site "Maastricht, NL"]
[Date "2025.06.09"]
[Round "6"]
[White "Lenaerts, Lennert"]
[Black "Schmitz, Philipp"]
[Result "1-0"]
[Board "9"]
[WhiteFideId "211435"]
[BlackFideId "1270142"]
[WhiteTitle "FM"]
[WhiteElo "2337"]
[BlackElo "2164"]
[WhiteTeam "BEL"]
[BlackTeam "GER"]
[WhiteClock "0:04:00"]
[BlackClock "0:08:00"]
[Variant "Standard"]

1. e4 {[%clk 1:30:39]}  c5 {[%clk 1:30:58]} 2. Nf3 {[%clk 1:31:05]}  d6 {[%clk 1:31:18]} 3. d4 {[%clk 1:30:29]}  cxd4 {[%clk 1:31:24]} 4. Nxd4 {[%clk 1:30:56]}  Nf6 {[%clk 1:31:46]} 5. Nc3 {[%clk 1:31:20]}  a6 {[%clk 1:32:12]} 6. Nb3 {[%clk 1:31:34]}  e6 {[%clk 1:28:48]} 7. Be3 {[%clk 1:31:15]}  Be7 {[%clk 1:28:32]} 8. g4 {[%clk 1:31:32]}  Nc6 {[%clk 1:26:06]} 9. g5 {[%clk 1:29:18]}  Nd7 {[%clk 1:26:20]} 10. Qd2 {[%clk 1:28:41]}  b5 {[%clk 1:21:00]} 11. O-O-O {[%clk 1:27:14]}  O-O {[%clk 1:20:46]} 12. f4 {[%clk 1:27:31]}  Nb6 {[%clk 1:19:10]} 13. Kb1 {[%clk 1:26:36]}  b4 {[%clk 1:16:46]} 14. Ne2 {[%clk 1:26:46]}  Nc4 {[%clk 1:16:51]} 15. Qd3 {[%clk 1:27:12]}  Nxe3 {[%clk 1:17:13]} 16. Qxe3 {[%clk 1:27:40]}  a5 {[%clk 1:17:24]} 17. Ned4 {[%clk 1:27:54]}  Qb6 {[%clk 1:14:18]} 18. Nf5 {[%clk 1:26:19]}  Qxe3 {[%clk 1:13:57]} 19. Nxe3 {[%clk 1:26:46]}  Bb7 {[%clk 1:13:02]} 20. Bg2 {[%clk 1:25:34]}  Rfd8 {[%clk 1:03:31]} 21. Rhe1 {[%clk 1:04:22]}  Rab8 {[%clk 0:51:18]} 22. h4 {[%clk 1:00:54]}  Bf8 {[%clk 0:48:31]} 23. f5 {[%clk 0:53:13]}  a4 {[%clk 0:45:37]} 24. Nd4 {[%clk 0:52:52]}  Nxd4 {[%clk 0:43:27]} 25. Rxd4 {[%clk 0:53:19]}  Ba8 {[%clk 0:37:18]} 26. Red1 {[%clk 0:47:45]}  exf5 {[%clk 0:28:52]} 27. exf5 {[%clk 0:46:46]}  Re8 {[%clk 0:29:17]} 28. Bxa8 {[%clk 0:46:25]}  Rxe3 {[%clk 0:29:46]} 29. Bd5 {[%clk 0:46:49]}  Re5 {[%clk 0:28:40]} 30. g6 {[%clk 0:43:54]}  Rxf5 {[%clk 0:28:54]} 31. gxf7+ {[%clk 0:44:14]}  Kh8 {[%clk 0:29:16]} 32. Re4 {[%clk 0:43:25]}  Re5 {[%clk 0:29:03]} 33. Rde1 {[%clk 0:41:11]}  g6 {[%clk 0:27:21]} 34. Rxe5 {[%clk 0:41:36]}  dxe5 {[%clk 0:27:48]} 35. Rxe5 {[%clk 0:42:02]}  Rb5 {[%clk 0:27:45]} 36. Kc1 {[%clk 0:38:39]}  Kg7 {[%clk 0:27:44]} 37. c4 {[%clk 0:39:01]}  bxc3 {[%clk 0:27:00]} 38. bxc3 {[%clk 0:39:29]}  Kf6 {[%clk 0:26:50]} 39. Re6+ {[%clk 0:39:50]}  Kxf7 {[%clk 0:27:01]} 40. c4 {[%clk 0:39:53]}  Rc5 {[%clk 0:26:12]} 41. Ra6+ {[%clk 0:39:38]}  Kg7 {[%clk 0:26:31]} 42. Rxa4 {[%clk 0:40:04]}  Be7 {[%clk 0:26:47]} 43. Ra7 {[%clk 0:40:29]}  Kf8 {[%clk 0:27:09]} 44. a4 {[%clk 0:40:43]}  h5 {[%clk 0:27:04]} 45. a5 {[%clk 0:41:00]}  Bxh4 {[%clk 0:27:10]} 46. Kc2 {[%clk 0:37:38]}  Bd8 {[%clk 0:24:03]} 47. a6 {[%clk 0:38:03]}  Ra5 {[%clk 0:22:51]} 48. Kb3 {[%clk 0:37:01]}  Bb6 {[%clk 0:22:28]} 49. Ra8+ {[%clk 0:37:26]}  Ke7 {[%clk 0:22:35]} 50. Kb4 {[%clk 0:37:49]}  Kd7 {[%clk 0:22:05]} 51. Rg8 {[%clk 0:37:14]}  Ra1 {[%clk 0:18:59]} 52. c5 {[%clk 0:36:29]}  Bxc5+ {[%clk 0:19:04]} 53. Kxc5 {[%clk 0:36:41]}  Rxa6 {[%clk 0:19:31]} 54. Kd4 {[%clk 0:34:54]}  Ke7 {[%clk 0:18:26]} 55. Ke5 {[%clk 0:35:09]}  Rb6 {[%clk 0:18:40]} 56. Rg7+ {[%clk 0:35:27]}  Kf8 {[%clk 0:18:50]} 57. Ra7 {[%clk 0:35:51]}  Rb2 {[%clk 0:16:00]} 58. Kf6 {[%clk 0:36:03]}  Rf2+ {[%clk 0:16:26]} 59. Kxg6 {[%clk 0:36:30]}  h4 {[%clk 0:16:37]} 60. Be6 {[%clk 0:36:40]}  Ke8 {[%clk 0:15:59]} 61. Bf5 {[%clk 0:36:55]}  Kd8 {[%clk 0:15:13]} 62. Kf6 {[%clk 0:37:19]}  h3 {[%clk 0:15:06]} 63. Rd7+ {[%clk 0:37:30]}  Ke8 {[%clk 0:15:27]} 64. Rc7 {[%clk 0:37:56]}  Rd2 {[%clk 0:15:28]} 65. Bxh3 {[%clk 0:36:48]}  Rf2+ {[%clk 0:15:33]} 66. Bf5 {[%clk 0:37:11]}  Rd2 {[%clk 0:15:53]} 67. Rc8+ {[%clk 0:34:44]}  Rd8 {[%clk 0:16:14]} 68. Rc2 {[%clk 0:32:35]}  Rd1 {[%clk 0:16:11]} 69. Rc3 {[%clk 0:31:44]}  Rd2 {[%clk 0:16:27]} 70. Rc1 {[%clk 0:27:36]}  Rd4 {[%clk 0:14:37]} 71. Rh1 {[%clk 0:17:17]}  Kd8 {[%clk 0:14:47]} 72. Rh7 {[%clk 0:17:42]}  Rd2 {[%clk 0:13:55]} 73. Ra7 {[%clk 0:17:42]}  Ke8 {[%clk 0:13:10]} 74. Bg4 {[%clk 0:17:54]}  Rd6+ {[%clk 0:12:21]} 75. Be6 {[%clk 0:18:12]}  Rd2 {[%clk 0:12:47]} 76. Rc7 {[%clk 0:17:00]}  Rf2+ {[%clk 0:12:49]} 77. Bf5 {[%clk 0:16:56]}  Rd2 {[%clk 0:13:15]} 78. Rc6 {[%clk 0:17:14]}  Rd1 {[%clk 0:13:21]} 79. Bh3 {[%clk 0:17:30]}  Rd2 {[%clk 0:13:39]} 80. Bg4 {[%clk 0:17:55]}  Rd4 {[%clk 0:13:36]} 81. Rc8+ {[%clk 0:17:51]}  Rd8 {[%clk 0:14:04]} 82. Rc4 {[%clk 0:18:08]}  Rd6+ {[%clk 0:14:03]} 83. Ke5 {[%clk 0:18:16]}  Rd2 {[%clk 0:14:19]} 84. Ke6 {[%clk 0:18:35]}  Kd8 {[%clk 0:14:31]} 85. Bf5 {[%clk 0:13:18]}  Rd1 {[%clk 0:14:38]} 86. Rc2 {[%clk 0:10:22]}  Rd4 {[%clk 0:14:50]} 87. Kf6 {[%clk 0:10:08]}  Ke8 {[%clk 0:14:26]} 88. Be6 {[%clk 0:07:46]}  Rd1 {[%clk 0:14:32]} 89. Rc8+ {[%clk 0:07:00]}  Rd8 {[%clk 0:15:00]} 90. Rc7 {[%clk 0:07:25]}  Rd2 {[%clk 0:14:30]} 91. Ke5 {[%clk 0:07:43]}  Kd8 {[%clk 0:11:12]} 92. Ra7 {[%clk 0:07:58]}  Rb2 {[%clk 0:10:28]} 93. Rd7+ {[%clk 0:07:05]}  Ke8 {[%clk 0:10:51]} 94. Rd4 {[%clk 0:07:14]}  Ke7 {[%clk 0:11:01]} 95. Rd7+ {[%clk 0:07:05]}  Ke8 {[%clk 0:11:30]} 96. Rc7 {[%clk 0:07:02]}  Kd8 {[%clk 0:11:59]} 97. Rh7 {[%clk 0:07:28]}  Rb8 {[%clk 0:08:06]} 98. Rd7+ {[%clk 0:07:26]}  Ke8 {[%clk 0:08:36]} 99. Kf6 {[%clk 0:07:46]}  Rb2 {[%clk 0:08:29]} 100. Re7+ {[%clk 0:06:25]}  Kd8 {[%clk 0:08:31]} 101. Rd7+ {[%clk 0:06:53]}  Ke8 {[%clk 0:09:00]} 102. Rd1 {[%clk 0:05:54]}  Rf2+ {[%clk 0:09:02]} 103. Bf5 {[%clk 0:06:21]}  Rf4 {[%clk 0:08:10]} 104. Rh1 {[%clk 0:03:34]}  Kd8 {[%clk 0:08:23]} 105. Rc1 {[%clk 0:04:00]}  Re4 {[%clk 0:08:00]} 1-0

[Event "Open"]
[Site "Maastricht, NL"]
[Date "2025.06.09"]
[Round "6"]
[White "Smeets, Kobe"]
[Black "Swijsen, Lars"]
[Result "1/2-1/2"]
[Board "10"]
[WhiteFideId "1063910"]
[BlackFideId "211800"]
[WhiteTitle "FM"]
[WhiteElo "2323"]
[BlackElo "2142"]
[WhiteTeam "NED"]
[BlackTeam "BEL"]
[WhiteClock "0:02:08"]
[BlackClock "0:10:44"]
[Variant "Standard"]

1. e4 {[%clk 1:23:09]}  e6 {[%clk 1:30:52]} 2. d4 {[%clk 1:23:28]}  d5 {[%clk 1:31:16]} 3. Nc3 {[%clk 1:23:53]}  Nf6 {[%clk 1:30:45]} 4. e5 {[%clk 1:23:56]}  Nfd7 {[%clk 1:31:08]} 5. f4 {[%clk 1:24:22]}  c5 {[%clk 1:31:34]} 6. Nf3 {[%clk 1:24:46]}  Nc6 {[%clk 1:31:59]} 7. Be3 {[%clk 1:25:10]}  Be7 {[%clk 1:30:52]} 8. a3 {[%clk 1:25:38]}  O-O {[%clk 1:27:06]} 9. dxc5 {[%clk 1:24:54]}  Bxc5 {[%clk 1:21:48]} 10. Bxc5 {[%clk 1:24:58]}  Nxc5 {[%clk 1:22:16]} 11. b4 {[%clk 1:25:18]}  Nd7 {[%clk 1:18:18]} 12. Bd3 {[%clk 1:25:14]}  f6 {[%clk 1:11:41]} 13. b5 {[%clk 1:07:01]}  Ncxe5 {[%clk 1:04:38]} 14. fxe5 {[%clk 1:06:57]}  fxe5 {[%clk 1:05:05]} 15. O-O {[%clk 0:42:12]}  e4 {[%clk 0:55:17]} 16. Nxe4 {[%clk 0:40:50]}  dxe4 {[%clk 0:55:45]} 17. Bxe4 {[%clk 0:41:12]}  Nc5 {[%clk 0:49:21]} 18. Qxd8 {[%clk 0:39:49]}  Rxd8 {[%clk 0:45:36]} 19. Ng5 {[%clk 0:37:47]}  Nxe4 {[%clk 0:44:07]} 20. Nxe4 {[%clk 0:38:16]}  b6 {[%clk 0:42:57]} 21. Rf2 {[%clk 0:21:27]}  Bb7 {[%clk 0:40:33]} 22. Ng5 {[%clk 0:21:36]}  Bd5 {[%clk 0:34:11]} 23. Rd1 {[%clk 0:13:02]}  Rac8 {[%clk 0:31:41]} 24. Rdd2 {[%clk 0:09:34]}  h6 {[%clk 0:27:26]} 25. Nf7 {[%clk 0:07:25]}  Rf8 {[%clk 0:27:53]} 26. Nd6 {[%clk 0:07:18]}  Rxf2 {[%clk 0:24:04]} 27. Rxf2 {[%clk 0:07:39]}  Rc3 {[%clk 0:23:52]} 28. a4 {[%clk 0:08:04]}  Rc7 {[%clk 0:21:29]} 29. c4 {[%clk 0:07:39]}  Rd7 {[%clk 0:19:54]} 30. cxd5 {[%clk 0:06:22]}  Rxd6 {[%clk 0:20:15]} 31. dxe6 {[%clk 0:06:04]}  Rxe6 {[%clk 0:20:33]} 32. Rf4 {[%clk 0:05:42]}  Re2 {[%clk 0:19:47]} 33. h3 {[%clk 0:05:11]}  Ra2 {[%clk 0:19:24]} 34. Kh2 {[%clk 0:05:13]}  Ra3 {[%clk 0:19:26]} 35. Rd4 {[%clk 0:04:48]}  Kh7 {[%clk 0:19:12]} 36. g4 {[%clk 0:04:10]}  Kg6 {[%clk 0:19:14]} 37. h4 {[%clk 0:04:02]}  Kf6 {[%clk 0:17:01]} 38. Re4 {[%clk 0:03:11]}  g6 {[%clk 0:16:32]} 39. Kg2 {[%clk 0:03:13]}  h5 {[%clk 0:09:49]} 40. gxh5 {[%clk 0:01:54]}  gxh5 {[%clk 0:10:09]} 41. Kf2 {[%clk 0:02:19]}  Kf5 {[%clk 0:09:55]} 42. Rc4 {[%clk 0:02:43]}  Ke5 {[%clk 0:09:59]} 43. Ke2 {[%clk 0:02:45]}  Kd5 {[%clk 0:10:00]} 44. Rb4 {[%clk 0:02:56]}  Ke5 {[%clk 0:09:35]} 45. Kd2 {[%clk 0:02:44]}  Kd5 {[%clk 0:09:50]} 46. Kc2 {[%clk 0:02:29]}  Ke5 {[%clk 0:10:02]} 47. Kd2 {[%clk 0:01:50]}  Kd5 {[%clk 0:09:49]} 48. Kc2 {[%clk 0:01:42]}  Ke5 {[%clk 0:10:44]} 49. Kd2 {[%clk 0:02:08]} 1/2-1/2

[Event "Open"]
[Site "Maastricht, NL"]
[Date "2025.06.09"]
[Round "6"]
[White "Kurt, Sascha"]
[Black "Boudry, William"]
[Result "1/2-1/2"]
[Board "11"]
[WhiteFideId "1082647"]
[BlackFideId "234990"]
[WhiteTitle "FM"]
[WhiteElo "2312"]
[BlackElo "2127"]
[WhiteTeam "NED"]
[BlackTeam "BEL"]
[WhiteClock "0:29:59"]
[BlackClock "0:46:41"]
[Variant "Standard"]

1. e4 {[%clk 1:30:59]}  c5 {[%clk 1:18:29]} 2. Nf3 {[%clk 1:30:55]}  e6 {[%clk 1:18:45]} 3. d4 {[%clk 1:31:21]}  cxd4 {[%clk 1:19:08]} 4. Nxd4 {[%clk 1:31:46]}  Nf6 {[%clk 1:19:25]} 5. Nc3 {[%clk 1:31:41]}  Nc6 {[%clk 1:19:49]} 6. Ndb5 {[%clk 1:32:04]}  Bc5 {[%clk 1:20:13]} 7. Nd6+ {[%clk 1:32:19]}  Ke7 {[%clk 1:20:34]} 8. Bf4 {[%clk 1:32:35]}  e5 {[%clk 1:20:58]} 9. Nf5+ {[%clk 1:33:01]}  Kf8 {[%clk 1:21:25]} 10. Bg5 {[%clk 1:33:25]}  d6 {[%clk 1:21:51]} 11. Bc4 {[%clk 1:31:10]}  Be6 {[%clk 1:22:15]} 12. Bb3 {[%clk 1:29:51]}  h6 {[%clk 1:20:22]} 13. Bxf6 {[%clk 1:15:01]}  Qxf6 {[%clk 1:20:43]} 14. Ne3 {[%clk 1:11:08]}  g6 {[%clk 1:20:57]} 15. Qd2 {[%clk 1:11:20]}  Kg7 {[%clk 1:20:40]} 16. O-O-O {[%clk 1:11:10]}  Rac8 {[%clk 1:15:44]} 17. Rhf1 {[%clk 1:07:07]}  Nd4 {[%clk 1:09:02]} 18. Ncd5 {[%clk 0:58:42]}  Nxb3+ {[%clk 1:07:28]} 19. axb3 {[%clk 0:59:03]}  Bxe3 {[%clk 1:06:24]} 20. Nxe3 {[%clk 0:46:51]}  Bxb3 {[%clk 0:58:49]} 21. Qb4 {[%clk 0:46:08]}  Be6 {[%clk 0:58:28]} 22. Rxd6 {[%clk 0:42:47]}  Qe7 {[%clk 0:53:29]} 23. Rfd1 {[%clk 0:39:23]}  Rc6 {[%clk 0:48:25]} 24. Qa5 {[%clk 0:36:48]}  Rxd6 {[%clk 0:45:29]} 25. Qxe5+ {[%clk 0:35:55]}  Qf6 {[%clk 0:45:54]} 26. Qxf6+ {[%clk 0:35:04]}  Kxf6 {[%clk 0:46:20]} 27. Rxd6 {[%clk 0:35:32]}  Ke5 {[%clk 0:46:41]} 28. Rd3 {[%clk 0:29:59]} 1/2-1/2

[Event "Open"]
[Site "Maastricht, NL"]
[Date "2025.06.09"]
[Round "6"]
[White "Kutzner, Stephen"]
[Black "Offringa, Joost"]
[Result "1/2-1/2"]
[Board "12"]
[WhiteFideId "4695542"]
[BlackFideId "1025880"]
[WhiteElo "2077"]
[BlackElo "2266"]
[WhiteTeam "GER"]
[BlackTeam "NED"]
[WhiteClock "0:00:58"]
[BlackClock "0:33:33"]
[Variant "Standard"]

1. e4 {[%clk 1:30:57]}  c5 {[%clk 1:20:48]} 2. Nf3 {[%clk 1:31:10]}  e6 {[%clk 1:21:15]} 3. d4 {[%clk 1:31:17]}  cxd4 {[%clk 1:21:42]} 4. Nxd4 {[%clk 1:31:41]}  Nc6 {[%clk 1:22:09]} 5. Nc3 {[%clk 1:29:49]}  Qc7 {[%clk 1:22:35]} 6. Be3 {[%clk 1:28:58]}  a6 {[%clk 1:23:01]} 7. Qf3 {[%clk 1:25:44]}  b5 {[%clk 1:23:25]} 8. Qg3 {[%clk 1:21:12]}  Qxg3 {[%clk 1:23:49]} 9. hxg3 {[%clk 1:21:35]}  Nxd4 {[%clk 1:24:14]} 10. Bxd4 {[%clk 1:21:54]}  Ne7 {[%clk 1:24:41]} 11. O-O-O {[%clk 1:04:28]}  Bb7 {[%clk 1:16:45]} 12. Bxb5 {[%clk 0:41:09]}  axb5 {[%clk 1:16:53]} 13. Nxb5 {[%clk 0:41:34]}  Ng6 {[%clk 1:11:25]} 14. Nc7+ {[%clk 0:37:49]}  Kd8 {[%clk 1:11:39]} 15. Nxa8 {[%clk 0:38:09]}  Bxa8 {[%clk 1:12:06]} 16. f3 {[%clk 0:36:17]}  Kc7 {[%clk 1:09:43]} 17. a4 {[%clk 0:33:28]}  e5 {[%clk 1:07:34]} 18. Be3 {[%clk 0:31:41]}  h5 {[%clk 1:07:57]} 19. a5 {[%clk 0:25:05]}  Bc6 {[%clk 1:04:49]} 20. b3 {[%clk 0:19:33]}  h4 {[%clk 0:58:09]} 21. gxh4 {[%clk 0:17:50]}  Rxh4 {[%clk 0:54:47]} 22. c3 {[%clk 0:17:49]}  Rxh1 {[%clk 0:53:03]} 23. Rxh1 {[%clk 0:18:15]}  Nf4 {[%clk 0:51:07]} 24. Bxf4 {[%clk 0:10:58]}  exf4 {[%clk 0:51:32]} 25. Rh7 {[%clk 0:08:46]}  Kb7 {[%clk 0:45:42]} 26. Kc2 {[%clk 0:07:54]}  Ka6 {[%clk 0:45:47]} 27. Kd3 {[%clk 0:08:15]}  Kxa5 {[%clk 0:45:24]} 28. Rh5+ {[%clk 0:08:40]}  Kb6 {[%clk 0:45:18]} 29. Rf5 {[%clk 0:08:40]}  f6 {[%clk 0:43:51]} 30. e5 {[%clk 0:04:54]}  Be7 {[%clk 0:44:09]} 31. exf6 {[%clk 0:04:48]}  Bxf6 {[%clk 0:43:59]} 32. Rxf4 {[%clk 0:05:12]}  d5 {[%clk 0:43:26]} 33. Rf5 {[%clk 0:02:34]}  Be8 {[%clk 0:31:43]} 34. Rxd5 {[%clk 0:02:36]}  Bf7 {[%clk 0:32:06]} 35. Rd6+ {[%clk 0:01:57]}  Kc5 {[%clk 0:32:22]} 36. Rxf6 {[%clk 0:01:30]}  gxf6 {[%clk 0:32:47]} 37. Ke4 {[%clk 0:01:52]}  Bg6+ {[%clk 0:32:55]} 38. Kf4 {[%clk 0:01:50]}  Bc2 {[%clk 0:33:20]} 39. g4 {[%clk 0:01:01]}  Bxb3 {[%clk 0:33:06]} 40. Kf5 {[%clk 0:01:27]}  Bd1 {[%clk 0:33:33]} 41. Kxf6 {[%clk 0:00:58]} 1/2-1/2

[Event "Open"]
[Site "Maastricht, NL"]
[Date "2025.06.09"]
[Round "7"]
[White "Warmerdam, Max"]
[Black "Laurent-Paoli, Pierre"]
[Result "1/2-1/2"]
[Board "1"]
[WhiteFideId "1048104"]
[BlackFideId "26017962"]
[WhiteTitle "GM"]
[BlackTitle "GM"]
[WhiteElo "2613"]
[BlackElo "2545"]
[WhiteTeam "NED"]
[BlackTeam "FRA"]
[WhiteClock "1:30:30"]
[BlackClock "1:30:30"]
[Variant "Standard"]

1. d4 {[%clk 1:30:30]}  Nf6 {[%clk 1:30:30]} 2. c4 {[%clk 1:30:30]}  e6 {[%clk 1:30:30]} 3. Nf3 {[%clk 1:30:30]}  d5 {[%clk 1:30:30]} 4. Nc3 {[%clk 1:30:30]}  Bb4 {[%clk 1:30:30]} 5. cxd5 {[%clk 1:30:30]}  exd5 {[%clk 1:30:30]} 6. Bf4 {[%clk 1:30:30]}  O-O {[%clk 1:30:30]} 7. e3 {[%clk 1:30:30]}  c5 {[%clk 1:30:30]} 8. dxc5 {[%clk 1:30:30]}  Bxc5 {[%clk 1:30:30]} 9. Be2 {[%clk 1:30:30]}  Nc6 {[%clk 1:30:30]} 10. O-O {[%clk 1:30:30]}  a6 {[%clk 1:30:30]} 11. Qb3 {[%clk 1:30:30]}  Na5 {[%clk 1:30:30]} 12. Qc2 {[%clk 1:30:30]}  Be6 {[%clk 1:30:30]} 13. Rad1 {[%clk 1:30:30]}  Rc8 {[%clk 1:30:30]} 14. Qb1 {[%clk 1:30:30]}  Qe7 {[%clk 1:30:30]} 15. Be5 {[%clk 1:30:30]}  Rfd8 {[%clk 1:30:30]} 16. Ng5 {[%clk 1:30:30]}  g6 {[%clk 1:30:30]} 17. Nxe6 {[%clk 1:30:30]}  fxe6 {[%clk 1:30:30]} 18. Bxf6 {[%clk 1:30:30]}  Qxf6 {[%clk 1:30:30]} 19. Nxd5 {[%clk 1:30:30]}  Rxd5 {[%clk 1:30:30]} 20. Rxd5 {[%clk 1:30:30]}  exd5 {[%clk 1:30:30]} 21. b4 {[%clk 1:30:30]}  Bxe3 {[%clk 1:30:30]} 22. bxa5 {[%clk 1:30:30]}  Rc1 {[%clk 1:30:30]} 23. Rxc1 {[%clk 1:30:30]}  Qxf2+ {[%clk 1:30:30]} 24. Kh1 {[%clk 1:30:30]}  Bxc1 {[%clk 1:30:30]} 25. Qd3 {[%clk 1:30:30]}  Qe1+ {[%clk 1:30:30]} 26. Bf1 {[%clk 1:30:30]}  Qe6 {[%clk 1:30:30]} 27. g3 {[%clk 1:30:30]} 1/2-1/2